000 00473nab a22001457 4500
003 ES-SlBCS
005 20220508133929.0
008 181008s2018 sp ||||| |||| 00| 0 spa d
040 _aES-SlBCS
_bspa
041 _aspa
100 1 _aTreek Nilsson, Mike D. Van
_977660
245 1 0 _aImaginación y fantasís: el aporte de la Biblia a la Iglesia del futuro
_cMike van Treek Nilsson
773 0 _gNúm. 377, 2018, págs, 77-88
_tConcilium
_wRev134
_x0210-1041
942 _2lcc
_cAR
999 _c476511
_d476511